<?xml version="1.0" encoding="UTF-8"?>
<record
    xmlns:xsi="http://www.w3.org/2001/XMLSchema-instance"
    xsi:schemaLocation="http://www.loc.gov/MARC21/slim http://www.loc.gov/standards/marcxml/schema/MARC21slim.xsd"
    xmlns="http://www.loc.gov/MARC21/slim">

  <leader>00727cam a2200229 a 4500</leader>
  <controlfield tag="001">18151</controlfield>
  <controlfield tag="003">BD-RjUL</controlfield>
  <controlfield tag="005">20211209000238.0</controlfield>
  <controlfield tag="008">150530s1981    kn a          000 0 eng</controlfield>
  <datafield tag="035" ind1=" " ind2=" ">
    <subfield code="a">(BD-RjUL)18209</subfield>
  </datafield>
  <datafield tag="040" ind1=" " ind2=" ">
    <subfield code="a">BD-RjUL</subfield>
    <subfield code="c">BD-RjUL</subfield>
    <subfield code="d">BD-RjUL</subfield>
    <subfield code="b">eng</subfield>
  </datafield>
  <datafield tag="041" ind1=" " ind2=" ">
    <subfield code="a">eng</subfield>
  </datafield>
  <datafield tag="082" ind1=" " ind2=" ">
    <subfield code="a">951.93043</subfield>
    <subfield code="b">KIM 1981</subfield>
  </datafield>
  <datafield tag="100" ind1=" " ind2=" ">
    <subfield code="a"> Kim, Il-s&#x14F;ng,</subfield>
    <subfield code="9">116785</subfield>
  </datafield>
  <datafield tag="245" ind1=" " ind2=" ">
    <subfield code="a">Kim Il Sung :</subfield>
    <subfield code="b">works /</subfield>
    <subfield code="c">Il-s&#x14F;ng Kim.</subfield>
    <subfield code="n">Volume 4.</subfield>
    <subfield code="p">January-December 1948</subfield>
  </datafield>
  <datafield tag="260" ind1=" " ind2=" ">
    <subfield code="a">Pyongyang, Korea :</subfield>
    <subfield code="b">Foreign Languages Pub. House,</subfield>
    <subfield code="c">1981</subfield>
  </datafield>
  <datafield tag="300" ind1=" " ind2=" ">
    <subfield code="a">433p.</subfield>
    <subfield code="b">ill.; </subfield>
    <subfield code="c">21cm.</subfield>
  </datafield>
  <datafield tag="504" ind1=" " ind2=" ">
    <subfield code="a">Includes index.</subfield>
  </datafield>
  <datafield tag="600" ind1=" " ind2=" ">
    <subfield code="a"> Kim, Il-s&#x14F;ng,</subfield>
    <subfield code="c">1912-1994. </subfield>
    <subfield code="9">116785</subfield>
  </datafield>
  <datafield tag="651" ind1=" " ind2=" ">
    <subfield code="3">Korea (North)</subfield>
    <subfield code="x">Politics and government</subfield>
    <subfield code="y">1948-1994</subfield>
    <subfield code="9">116799</subfield>
  </datafield>
  <datafield tag="942" ind1=" " ind2=" ">
    <subfield code="2">ddc</subfield>
    <subfield code="c">BK</subfield>
  </datafield>
  <datafield tag="999" ind1=" " ind2=" ">
    <subfield code="c">18151</subfield>
    <subfield code="d">18151</subfield>
  </datafield>
  <datafield tag="952" ind1=" " ind2=" ">
    <subfield code="0">0</subfield>
    <subfield code="1">0</subfield>
    <subfield code="2">ddc</subfield>
    <subfield code="4">0</subfield>
    <subfield code="7">1</subfield>
    <subfield code="8">NFIC</subfield>
    <subfield code="a">RUCL</subfield>
    <subfield code="b">RUCL</subfield>
    <subfield code="c">Reading</subfield>
    <subfield code="d">1988-09-11</subfield>
    <subfield code="e">Asia Foundation, Gift.</subfield>
    <subfield code="g">0.00</subfield>
    <subfield code="l">0</subfield>
    <subfield code="o">951.93043 KIM V-4 1981</subfield>
    <subfield code="r">2015-05-31 00:00:00</subfield>
    <subfield code="t">C-1</subfield>
    <subfield code="w">2015-05-31</subfield>
    <subfield code="y">BK</subfield>
  </datafield>
</record>
